000 00194nam a2200097 4500
999 _c530786
_d530786
040 _cDLC
082 _a891.4393
_bSHA
100 _aShafique Rehman
_923875
245 _aLehrain
942 _2ddc
_cBK